000 00852nam a22002297a 4500
999 _c1891
_d1891
003 AR-CdUCM
008 190228b ||||| |||| 00| 0 spa d
040 _aMUNICIPALIDAD PROVINCIAL DEL CUSCO
_cBIBLIOTECA MUNICIPAL DEL CUSCO
041 _heng.
082 _a377.21 /
_bP51
100 _aPhipps, Lloyd J.
_96928
245 _aManual de enseñanza vocacional agrícola /
260 _aMexico :
_bNuevo Mundo SA,
_c1966.
300 _a936 paginas;
_bDiagramas.
_c23 cm.
505 _aIntroducción --Determinación y evaluación de programas anuales y a largo plazo --Procedimientos didácticos --Enseñanza para alumnos de secundaria ...
650 _aEducación agrícola
_96929
650 _aFilosofia
_9395
650 _aProgramas de educación
_96930
700 _aGlen Charles, Cook
_96931
942 _2ddc
_cLIBROS
945 _arjall
_d2019-02-28